| 000 | 00561nam a22002057a 4500 | ||
|---|---|---|---|
| 003 | 0 | ||
| 005 | 20250107092455.0 | ||
| 008 | 250107b xxu||||| |||| 00| 0 eng d | ||
| 020 | _a978-1-138-58615-4 | ||
| 050 |
_aKD404 _b.W43 2024 |
||
| 100 | _aWebley, Lisa | ||
| 245 |
_aLegal writing _cLisa Webley |
||
| 250 | _aFifth edition | ||
| 260 |
_aNew York _bRoutledge _c2024 |
||
| 300 |
_axx, 219 pages ; _c24cm. |
||
| 504 | _aIncludes bibliographical references and index. | ||
| 650 | _aLegal writing. | ||
| 650 | _aLegal composition. | ||
| 942 |
_2lcc _cBK |
||
| 999 |
_c366887 _d366887 |
||